Wszyscy zawodnicy z punktami PŚ 23/24 - Statystyki

Ogólne statystyki
  • Ten quiz został rozwiązany 16 razy
  • Średni wynik to 43 z 67
Statystyki odpowiedzi
Kraj Liczba Punktów Skoczek % Poprawnych
Austria 2149 Stefan Kraft
100%
Austria 747 Daniel Tschofenig
92%
Austria 882 Michael Hayboeck
92%
Japonia 1673 Ryoyu Kobayashi
92%
Polska 524 Aleksander Zniszczoł
85%
Niemcy 1488 Andreas Wellinger
85%
Polska 213 Dawid Kubacki
85%
Słowenia 663 Domen Prevc
85%
Austria 1140 Jan Hoerl
85%
Japonia 143 Junshiro Kobayashi
85%
Polska 256 Kamil Stoch
85%
Niemcy 623 Karl Geiger
85%
Japonia 10 Noriaki Kasai
85%
Słowenia 1071 Peter Prevc
85%
Polska 292 Piotr Żyła
85%
Niemcy 778 Pius Paschke
85%
Bułgaria 93 Vladimir Zografski
85%
Finlandia 85 Antti Aalto
77%
Słowenia 661 Anze Lanisek
77%
Austria 647 Daniel Huber
77%
Szwajcaria 552 Gregor Deschwanden
77%
Norwegia 409 Halvor Egner Granerud
77%
Norwegia 867 Johann Andre Forfang
77%
Japonia 3 Keiichi Sato
77%
Szwajcaria 79 Killian Peier
77%
Finlandia 189 Niko Kytosaho
77%
Norwegia 195 Robert Johansson
77%
Czechy 163 Roman Koudelka
77%
Szwajcaria 27 Simon Ammann
77%
Niemcy 425 Stephan Leyhe
77%
Włochy 215 Alex Insam
69%
Estonia 66 Artti Aigro
69%
Norwegia 90 Daniel Andre Tande
69%
Włochy 175 Giovanni Bresadola
69%
Polska 21 Maciej Kot
69%
Austria 703 Manuel Fettner
69%
Norwegia 854 Marius Lindvik
69%
Niemcy 39 Constantin Schmid
62%
Turcja 3 Fatih Arda Ipcioglu
62%
Słowenia 792 Lovro Kos
62%
Polska 42 Paweł Wąsek
62%
Słowenia 640 Timi Zajc
62%
Ukraina 57 Yevhen Marusiak
62%
Słowenia 7 Ziga Jelar
62%
Austria 165 Clemens Aigner
54%
Niemcy 59 Martin Hamann
54%
Japonia 15 Naoki Nakamura
54%
Japonia 449 Ren Nikaido
54%
Stany Zjednoczone 71 Tate Frantz
54%
Francja 8 Valentin Foubert
54%
Finlandia 24 Eetu Nousiainen
46%
Niemcy 461 Philipp Raimund
46%
Szwajcaria 30 Remo Imhof
46%
Norwegia 24 Robin Pedersen
46%
Japonia 2 Taku Takeuchi
46%
Włochy 3 Andrea Campregher
38%
Stany Zjednoczone 4 Andrew Urlaub
38%
Stany Zjednoczone 137 Erik Belshaw
38%
Niemcy 49 Felix Hoffmann
38%
Norwegia 458 Kristoffer Eriksen Sundal
38%
Słowenia 28 Zak Mogel
38%
Norwegia 131 Benjamin Oestvold
31%
Finlandia 12 Kasperi Valto
31%
Austria 86 Stephan Embacher
31%
Norwegia 10 Fredrik Villumstad
23%
Słowenia 10 Maksim Bartolj
23%
Norwegia 42 Sindre Ulven Joergensen
15%
Nie znaleziono quizów pasujących do podanych kryteriów
Rozkład punktacji
Procent ludzi z każdym wynikiem
Percentyl według liczby udzielonych odpowiedzi
Twoja historia wyników
Nie rozwiązałeś tego quizu